[Event "Centrocoop op"]
[Site "Eforie Nord"]
[Date "2000.??.??"]
[Round "?"]
[White "Erhan, Raluca"]
[Black "Popescu, Gheorghe"]
[Result "0-1"]
[WhiteElo "2075"]
[BlackElo "2250"]
[PlyCount "60"]
[EventDate "2000.??.??"]
[EventType "swiss"]
[EventRounds "9"]
[EventCountry "ROU"]
[SourceTitle "EXT 2004"]
[Source "ChessBase"]
[SourceDate "2003.11.25"]
[SourceVersion "1"]
[SourceVersionDate "2003.11.25"]
[SourceQuality "1"]

1. e4 d6 2. d4 Nf6 3. f3 g6 4. c4 Bg7 5. Nc3 0-0 6. Bg5 Nc6 7. Qd2 a6 8. d5 Ne5 9. f4 Ned7 10. Bd3 c6 11. 0-0-0 cxd5 12. exd5 Nc5 13. Bc2 b5 14. b4 Ncd7 15. cxb5 axb5 16. Bd3 Bb7 17. Bxb5 Qc7 18. Kb1 Nb6 19. Rc1 Nc4 20. Bxc4 Qxc4 21. Bxf6 Bxf6 22. Nge2 Qxb4+ 23. Ka1 Qa5 24. Rhd1 Rfc8 25. Rc2 Rc4 26. Qe3 Rac8 27. Rd3 Bxd5 28. Kb1 Bxc3 29. Rxd5 Rb4+ 30. Kc1 Bb2+ 0-1

[Event "Centrocoop op"]
[Site "Eforie Nord"]
[Date "2000.??.??"]
[Round "?"]
[White "Popescu, Gheorghe"]
[Black "Guekhtman, Boris"]
[Result "1/2-1/2"]
[WhiteElo "2250"]
[BlackElo "1750"]
[PlyCount "52"]
[EventDate "2000.??.??"]
[EventType "swiss"]
[EventRounds "9"]
[EventCountry "ROU"]
[SourceTitle "EXT 2004"]
[Source "ChessBase"]
[SourceDate "2003.11.25"]
[SourceVersion "1"]
[SourceVersionDate "2003.11.25"]
[SourceQuality "1"]

1. e4 c5 2. Nf3 d6 3. d4 cxd4 4. Nxd4 Nf6 5. Nc3 g6 6. Be2 Bg7 7. 0-0 0-0 8. Bg5 Nc6 9. Nb3 Be6 10. Kh1 Rc8 11. f4 a6 12. Bf3 Re8 13. Re1 Qc7 14. Nd5 Bxd5 15. exd5 Na5 16. Nxa5 Qxa5 17. c3 Rc4 18. Qd3 b5 19. f5 Kf8 20. fxg6 hxg6 21. Qd2 Nd7 22. a3 Ne5 23. Be2 Rcc8 24. Rad1 Qb6 25. Rf1 Kg8 26. Be3 Qb7 1/2-1/2

[Event "Centrocoop op"]
[Site "Eforie Nord"]
[Date "2000.??.??"]
[Round "?"]
[White "Popescu, Gheorghe"]
[Black "Mihailov, Iulian"]
[Result "1-0"]
[WhiteElo "2250"]
[BlackElo "2080"]
[PlyCount "156"]
[EventDate "2000.??.??"]
[EventType "swiss"]
[EventRounds "9"]
[EventCountry "ROU"]
[SourceTitle "EXT 2004"]
[Source "ChessBase"]
[SourceDate "2003.11.25"]
[SourceVersion "1"]
[SourceVersionDate "2003.11.25"]
[SourceQuality "1"]

1. e4 c5 2. Nf3 Nc6 3. d4 cxd4 4. Nxd4 Nf6 5. Nc3 d6 6. Bc4 e6 7. 0-0 Be7 8. Bb3 0-0 9. Kh1 a6 10. f4 Nxd4 11. Qxd4 b5 12. a3 Kh8 13. Be3 Ng4 14. Bg1 Bf6 15. Qd3 Bb7 16. Rfe1 Rc8 17. Nd1 Bh4 18. Re2 Nf6 19. Nc3 Qa5 20. Qxd6 Rfd8 21. Qb6 Qxb6 22. Bxb6 Rd6 23. Ba5 Rd4 24. Bb6 Rd6 25. Bg1 Rcd8 26. e5 Rd2 27. exf6 Rxe2 28. fxg7+ Kxg7 29. Nxe2 Rd2 30. Bf2 Rxe2 31. Kg1 Bf6 32. Rb1 Be4 33. Re1 Rxe1+ 34. Bxe1 Bxb2 35. a4 bxa4 36. Bxa4 Bc1 37. g3 Bd5 38. Kf2 Bb2 39. Ke3 h5 40. Kd3 Kg6 41. c4 Bg2 42. c5 e5 43. fxe5 Bxe5 44. Ba5 h4 45. gxh4 Bxh2 46. Be8 Bg3 47. Bd8 Kg7 48. c6 Kf8 49. Bd7 Kg7 50. c7 Bb7 51. c8Q Bxc8 52. Bxc8 f6 53. h5 Kh6 54. Bg4 Kg5 55. Bd1 Bd6 56. Ke4 Be5 57. Ba5 Kh6 58. Kf5 Bd4 59. Bd2+ Kg7 60. Be2 a5 61. Bxa5 Be3 62. Bb4 Bg5 63. Bb5 Bh6 64. Be8 Bc1 65. Bg6 Bh6 66. Bc3 Bg5 67. Ke6 Kf8 68. Bb4+ Kg7 69. Be7 Kg8 70. Kd7 Kg7 71. Ke8 Kg8 72. Bf5 Kg7 73. Bf8+ Kg8 74. Be6+ Kh7 75. Kf7 Bh6 76. Bf5+ Kh8 77. Bb4 Bd2 78. Be7 Bb4 1-0

[Event "Centrocoop Sept op-A"]
[Site "Eforie Nord"]
[Date "1998.??.??"]
[Round "?"]
[White "Itkis, Boris"]
[Black "Popescu, Gheorghe"]
[Result "1-0"]
[WhiteElo "2465"]
[BlackElo "2250"]
[PlyCount "91"]
[EventDate "1998.09.??"]
[EventType "swiss"]
[EventRounds "11"]
[EventCountry "ROU"]
[SourceTitle "EXT 2000"]
[Source "ChessBase"]
[SourceDate "1999.11.16"]
[SourceVersion "1"]
[SourceVersionDate "1999.11.16"]
[SourceQuality "1"]

1. d4 Nf6 2. c4 g6 3. Nc3 Bg7 4. e4 d6 5. h3 0-0 6. Bg5 c5 7. d5 e6 8. Bd3 Re8 9. Nf3 exd5 10. cxd5 Bd7 11. 0-0 b5 12. a3 c4 13. Bc2 Na6 14. Be3 Qc7 15. Bd4 b4 16. axb4 Nxb4 17. Bb1 a5 18. Re1 Qb7 19. Qd2 Qa6 20. e5 dxe5 21. Bxe5 Qb6 22. Rd1 Bb5 23. Qf4 Nh5 24. Qd4 Qxd4 25. Bxd4 Bd7 26. Bxg7 Kxg7 27. Rd4 Nf6 28. Kf1 Red8 29. Ne5 Be6 30. d6 Ra6 31. Nxc4 Bxc4+ 32. Rxc4 Rdxd6 33. Be4 Nd3 34. Bxd3 Rxd3 35. b4 Nd5 36. Ne4 Ra8 37. bxa5 f5 38. Nc5 Rd2 39. a6 Ra7 40. Rb1 Kh6 41. Rb7 Ra8 42. g3 f4 43. gxf4 Ra2 44. Rf7 Rd8 45. Rd4 Rd6 46. a7 1-0

[Event "Herculane op"]
[Site "Herculane"]
[Date "1998.??.??"]
[Round "?"]
[White "Scurhan, Gheorghe"]
[Black "Popescu, Gheorghe"]
[Result "1-0"]
[WhiteElo "2150"]
[BlackElo "2250"]
[PlyCount "69"]
[EventDate "1998.12.??"]
[EventType "swiss"]
[EventRounds "9"]
[EventCountry "ROU"]
[SourceTitle "EXT 2004"]
[Source "ChessBase"]
[SourceDate "2003.11.25"]
[SourceVersion "1"]
[SourceVersionDate "2003.11.25"]
[SourceQuality "1"]

1. e4 e5 2. Nf3 Nc6 3. Bc4 Nf6 4. d3 Be7 5. Bb3 h6 6. 0-0 0-0 7. c3 d6 8. h3 Re8 9. Qe2 Bf8 10. Rd1 g6 11. Be3 Bg7 12. Nbd2 a5 13. a4 d5 14. Nf1 b6 15. Qc2 Be6 16. Ne1 Qe7 17. g4 Rad8 18. f3 Rd7 19. Kh2 Red8 20. Rd2 Nb8 21. Rg2 c5 22. Ng3 c4 23. dxc4 dxe4 24. Bxb6 exf3 25. Bxd8 Qxd8 26. Nxf3 Bxg4 27. Nxe5 Be6 28. Nxd7 Nbxd7 29. Rd1 Qb8 30. Ba2 Nh5 31. c5 Bxa2 32. Rxd7 Be5 33. Qd3 Nxg3 34. Rxg3 Kg7 35. Qxg6+ 1-0

[Event "ROM-chT"]
[Site "Eforie Nord"]
[Date "1997.??.??"]
[Round "?"]
[White "Popescu, Gheorghe"]
[Black "Istrate, Bogdan"]
[Result "1/2-1/2"]
[WhiteElo "2245"]
[BlackElo "2325"]
[PlyCount "35"]
[EventDate "1997.09.??"]
[EventType "team"]
[EventRounds "9"]
[EventCountry "ROU"]
[SourceTitle "EXT 2000"]
[Source "ChessBase"]
[SourceDate "1999.11.16"]
[SourceVersion "1"]
[SourceVersionDate "1999.11.16"]
[SourceQuality "1"]

1. e4 c5 2. Nf3 e6 3. d4 cxd4 4. Nxd4 Nc6 5. Nb5 d6 6. c4 Nf6 7. N1c3 a6 8. Na3 Be7 9. Be2 0-0 10. 0-0 b6 11. Be3 Bb7 12. Rc1 Nb8 13. Qd4 Nbd7 14. Rfd1 Qc7 15. f3 Rac8 16. Qd2 Rfd8 17. Bf1 Qb8 18. Kh1 1/2-1/2

[Event "Bucharest TICC"]
[Site "Bucharest"]
[Date "1996.??.??"]
[Round "?"]
[White "Breahna, Radu"]
[Black "Popescu, Gheorghe"]
[Result "1-0"]
[WhiteElo "2335"]
[BlackElo "2325"]
[PlyCount "77"]
[EventDate "1996.??.??"]
[EventType "tourn"]
[EventRounds "14"]
[EventCountry "ROU"]
[EventCategory "3"]
[SourceTitle "EXT 2001"]
[Source "ChessBase"]
[SourceDate "2000.11.22"]
[SourceVersion "1"]
[SourceVersionDate "2000.11.22"]
[SourceQuality "1"]

1. d4 Nf6 2. c4 g6 3. Nc3 Bg7 4. e4 d6 5. Nf3 0-0 6. Be2 e5 7. dxe5 dxe5 8. Qxd8 Rxd8 9. Bg5 Nbd7 10. 0-0-0 Rf8 11. b4 h6 12. Bh4 c6 13. Nd2 Nh7 14. c5 a5 15. a3 axb4 16. axb4 b6 17. cxb6 Nxb6 18. Be7 Re8 19. Bc5 Na4 20. Nxa4 Rxa4 21. Kb2 Be6 22. Ra1 Rea8 23. Bc4 Rxa1 24. Rxa1 Rxa1 25. Kxa1 Ng5 26. f3 f5 27. h4 Bxc4 28. Nxc4 Ne6 29. Kb1 f4 30. Bd6 Bf6 31. Nxe5 Bxe5 32. Bxe5 g5 33. h5 Kf7 34. Kc2 Ke7 35. Kb3 Kd7 36. Ka4 Kc8 37. Ka5 Kb7 38. b5 cxb5 39. Kxb5 1-0

[Event "Bucharest TICC"]
[Site "Bucharest"]
[Date "1996.??.??"]
[Round "?"]
[White "Kamenets, Anatolij"]
[Black "Popescu, Gheorghe"]
[Result "1-0"]
[WhiteElo "2340"]
[BlackElo "2325"]
[PlyCount "84"]
[EventDate "1996.??.??"]
[EventType "tourn"]
[EventRounds "14"]
[EventCountry "ROU"]
[EventCategory "3"]
[SourceTitle "EXT 2001"]
[Source "ChessBase"]
[SourceDate "2000.11.22"]
[SourceVersion "1"]
[SourceVersionDate "2000.11.22"]
[SourceQuality "1"]

1. d4 Nf6 2. c4 g6 3. Nc3 Bg7 4. e4 d6 5. Be2 0-0 6. Bg5 c5 7. d5 e6 8. Qd2 exd5 9. exd5 Re8 10. Nf3 Bg4 11. 0-0 Nbd7 12. Rfe1 Qb6 13. h3 Bxf3 14. Bxf3 a6 15. b3 Rxe1+ 16. Rxe1 Re8 17. Rb1 Qa5 18. a4 h6 19. Bf4 Ne5 20. Be2 Kh7 21. Qc2 Kg8 22. Bd2 Qc7 23. f4 Ned7 24. g4 Nh7 25. Kg2 Bd4 26. Bd3 Nhf8 27. Ne4 Nf6 28. Ng3 Qd8 29. Kf3 N6d7 30. h4 Qxh4 31. Rh1 Qf6 32. Ne4 Qe7 33. Rxh6 Nf6 34. Ng3 Be3 35. g5 Bxd2 36. Qxd2 N6h7 37. Ne4 f5 38. gxf6 Nxf6 39. Ng5 Qe1 40. Qxe1 Rxe1 41. Rh2 Kg7 42. Rg2 Kh6 1-0

[Event "Bucharest TICC"]
[Site "Bucharest"]
[Date "1996.??.??"]
[Round "?"]
[White "Popescu, Gheorghe"]
[Black "Glodeanu, Ion"]
[Result "1/2-1/2"]
[WhiteElo "2325"]
[BlackElo "2385"]
[PlyCount "39"]
[EventDate "1996.??.??"]
[EventType "tourn"]
[EventRounds "14"]
[EventCountry "ROU"]
[EventCategory "3"]
[SourceTitle "EXT 2001"]
[Source "ChessBase"]
[SourceDate "2000.11.22"]
[SourceVersion "1"]
[SourceVersionDate "2000.11.22"]
[SourceQuality "1"]

1. e4 e5 2. Nf3 Nc6 3. Bb5 a6 4. Bxc6 dxc6 5. 0-0 f6 6. d4 exd4 7. Nxd4 c5 8. Nb3 Qxd1 9. Rxd1 Bg4 10. f3 Bd7 11. Be3 b6 12. Nc3 0-0-0 13. Rd2 Ne7 14. Rad1 Nc6 15. Nc1 Ne5 16. b3 Bd6 17. Nd5 Nf7 18. Ne2 Rhe8 19. Bf4 Bxf4 20. Nexf4 1/2-1/2

[Event "ROM-chT"]
[Site "Herculane"]
[Date "1996.??.??"]
[Round "?"]
[White "Popescu, Gheorghe"]
[Black "Zainea, Marius"]
[Result "1-0"]
[WhiteElo "2320"]
[BlackElo "2240"]
[PlyCount "35"]
[EventDate "1996.??.??"]
[EventType "team"]
[EventRounds "5"]
[EventCountry "ROU"]
[SourceTitle "CBM 056 Extra"]
[Source "ChessBase"]
[SourceDate "1997.03.01"]
[SourceVersion "1"]
[SourceVersionDate "1997.03.01"]
[SourceQuality "1"]

1. e4 e5 2. Nf3 Nc6 3. d4 exd4 4. Nxd4 Bc5 5. Nxc6 Qf6 6. Qd2 dxc6 7. Bd3 Be6 8. Qe2 Ne7 9. f4 0-0 10. Nc3 Ng6 11. f5 Bxf5 12. Rf1 Bd6 13. exf5 Rae8 14. Ne4 Bb4+ 15. c3 Ne5 16. Bc2 Qe7 17. f6 gxf6 18. Bh6 1-0

[Event "Bucharest schev1"]
[Site "Bucharest"]
[Date "1993.??.??"]
[Round "8"]
[White "Gilbert, Christophe"]
[Black "Popescu, Gheorghe"]
[Result "1/2-1/2"]
[WhiteElo "2090"]
[BlackElo "2235"]
[PlyCount "96"]
[EventDate "1993.??.??"]
[EventType "schev"]
[EventRounds "8"]
[EventCountry "ROU"]
[SourceTitle "EXT 2004"]
[Source "ChessBase"]
[SourceDate "2003.11.25"]
[SourceVersion "1"]
[SourceVersionDate "2003.11.25"]
[SourceQuality "1"]

1. d4 g6 2. c4 Nf6 3. Nc3 Bg7 4. e4 d6 5. Nf3 0-0 6. Be2 e5 7. 0-0 Nc6 8. d5 Ne7 9. Ne1 Nd7 10. Nd3 f5 11. f3 f4 12. Bd2 g5 13. Rc1 Ng6 14. a4 Rf7 15. Nb5 Bf8 16. c5 dxc5 17. Nf2 a6 18. Na3 Bd6 19. Nc4 Nf6 20. Qc2 h5 21. h3 Rg7 22. Bc3 Qe7 23. b3 Bd7 24. Ra1 b6 25. Qb2 a5 26. Nd3 Re8 27. Kf2 Kh7 28. Rh1 Ng8 29. Rag1 Nh6 30. Ke1 Nf7 31. Kd2 Kg8 32. Qa1 Rh7 33. Kc2 Qf6 34. g3 fxg3 35. Rxg3 h4 36. Rg2 Rg7 37. Qg1 Kh7 38. Bd2 Nf4 39. Nxf4 gxf4 40. Rxg7+ Qxg7 41. Qxg7+ Kxg7 42. Rg1+ Kh7 43. Nxd6 cxd6 44. Be1 Rg8 45. Rxg8 Kxg8 46. Bxh4 Bxh3 47. Kd2 Bd7 48. Be7 Kg7 1/2-1/2